Manpower and employment; (Record no. 511)

000 -LEADER
fixed length control field 00714cam a2200241 4500
003 - CONTROL NUMBER IDENTIFIER
control field OSt
005 - DATE AND TIME OF LATEST TRANSACTION
control field 20210615061922.0
008 - FIXED-LENGTH DATA ELEMENTS--GENERAL INFORMATION
fixed length control field 210615b ||||| |||| 00| 0 eng d
040 ## - CATALOGING SOURCE
Transcribing agency ALUPE UNIVERSITY
050 ## - LIBRARY OF CONGRESS CALL NUMBER
Classification number HD4901
Item number .M36 1972
100 1# - MAIN ENTRY--PERSONAL NAME
Personal name Purvine, Margaret
245 10 - TITLE STATEMENT
Title Manpower and employment;
Remainder of title a source book for social workers.
Statement of responsibility, etc. Edited by Margaret Purvine.
260 ## - PUBLICATION, DISTRIBUTION, ETC.
Place of publication, distribution, etc. New York,
Name of publisher, distributor, etc. Council on Social Work Education
Date of publication, distribution, etc. [1972]
300 ## - PHYSICAL DESCRIPTION
Extent vi, 285 p.
Dimensions 25 cm.
500 ## - GENERAL NOTE
General note Errata leaf inserted.
504 ## - BIBLIOGRAPHY, ETC. NOTE
Bibliography, etc. note Bibliography: p. 271-285.
650 #0 - SUBJECT ADDED ENTRY--TOPICAL TERM
Topical term or geographic name entry element Labor movement.
650 #0 - SUBJECT ADDED ENTRY--TOPICAL TERM
Topical term or geographic name entry element Labor supply.
650 #0 - SUBJECT ADDED ENTRY--TOPICAL TERM
Topical term or geographic name entry element Manpower policy.
930 #1 - EQUIVALENCE OR CROSS-REFERENCE-UNIFORM TITLE HEADING [LOCAL, CANADA]
Medium HD4901
930 #1 - EQUIVALENCE OR CROSS-REFERENCE-UNIFORM TITLE HEADING [LOCAL, CANADA]
Medium HD4901
942 ## - ADDED ENTRY ELEMENTS (KOHA)
Source of classification or shelving scheme
Koha item type Book
Suppress in OPAC IO
Holdings
Withdrawn status Lost status Source of classification or shelving scheme Damaged status Not for loan Permanent Location Current Location Shelving location Date acquired Source of acquisition Total Checkouts Full call number Barcode Date last seen Price effective from Koha item type Public note
          AU LIBRARY AU LIBRARY Open Shelf 15.06.2021 DONATION   HD4901 .M36 1972 28001609 15.06.2021 15.06.2021 Book IO

Powered by Koha